LEADER 01513nam0 22003251i 450 001 UON00432938 005 20231205104915.591 010 $a978-88-652-1005-5 100 $a20131112d2009 |0itac50 ba 101 $aeng 102 $aIT 105 $a|||| 1|||| 200 1 $aKings and ascetics in Indian classical literature$eInternational seminar, 21-22 september 2007, Proceedings$fEdited by Paola M. Rossi and Cinzia Pieruccini 205 $aMilano : Cisalpino$b2009 210 $aXX$d379 p.$ctav. ; 24 cm 215 $aSul front.: Dipartimento di Scienze dell'Antichità, Sezione di Glottologia e Orientalistica 311 $aSI GEN E VI 018$9UON00087624 410 0$1001UON00087624$12001 $aQuaderni di Acme$v112 SI GEN E VI 018 606 $aLetteratura classica indiana$xConfronti$3UONC084828$2FI 620 $aIT$dMilano$3UONL000005 686 $aSI GEN E VI$cSUBCONT. INDIANO - CONGRESSI - LETTERATURA$2A 702 1$aPIERUCCINI$bCinzia$3UONV017123 702 1$aROSSI$bPaola M.$3UONV219110 712 $aCisalpino. Istituto Editoriale Universitario$3UONV270629$4650 801 $aIT$bSOL$c20260206$gRICA 899 $aSIBA - SISTEMA BIBLIOTECARIO DI ATENEO E ARCHIVIO STORICO$2UONSI 912 $aUON00432938 950 $aSIBA - SISTEMA BIBLIOTECARIO DI ATENEO E ARCHIVIO STORICO$dSI SI GEN E VI 018 $eSI 7033 7 018 996 $aKings and ascetics in Indian classical literature$9249898 997 $aUNIOR